000 00745nam a22002297a 4500
005 20170124105942.0
010 _aA-410807
020 _c00.00
_a817046076
035 _aA-410807
037 _bCen Lib/Ret
040 _aDPL
_bEN
082 _a305.8991
_bCHA
100 _aChakraborty, Dilip Kumar
_911534
245 _aThe great andamanese :
_cby Dilip Kumar Chakraborty
_bstruggling for survival /
260 _aCalcutta
_bSeagull Books
_c1990
270 _a26 Circus Avenue
_bCalcutta
_e700017
300 _aiv,83p.
_c20cmHb)
500 _aIncludes bibliographic references and index
650 _aIndia--Andaman and Nicobar Islands
_911535
650 _aManners and customs
_911536
942 _2ddc
_cEN
_h305.8991
_mCHA
999 _c124667
_d124667